Quick Pick: Moon Walkers Quiz Stats

Quiz Updated May 26, 2018

Score 0/12 Timer 01:30
0 Plays Today
% Correct
Neil
97.8%
Edwin 'Buzz'
96.2%
Alan
84.8%
Charles 'Pete'
40.8%
Eugene
40.3%
Alan
38.6%
Charles M.
28.5%
Harrison
28.4%
John
27.9%
James
25.5%
David
23.7%
Edgar
23.6%

Today's Daily Dose

Missing Word
For Dummies Books

Word Ladder
Ariana Grande

Quick Pick
1970s Authors

On This Day
June 21st II

You're not logged in!

Compare scores with friends on all Sporcle quizzes.
Join for Free
OR
Log In

You Might Also Like...

Show Comments

Extras

Top Quizzes Today


Score Distribution

Your Account Isn't Verified!

In order to create a playlist on Sporcle, you need to verify the email address you used during registration. Go to your Sporcle Settings to finish the process.

Report this User

Report this user for behavior that violates our Community Guidelines.

Details: